Political sociology : (Record no. 17401)
[ view plain ]
| 000 -LEADER | |
|---|---|
| fixed length control field | 01046cam a2200265 a 4500 |
| 001 - CONTROL NUMBER | |
| control field | 16487950 |
| 008 - FIXED-LENGTH DATA ELEMENTS--GENERAL INFORMATION | |
| fixed length control field | 101004s2011 caua b 001 0 eng |
| 010 ## - LIBRARY OF CONGRESS CONTROL NUMBER | |
| LC control number | 2010040661 |
| 020 ## - INTERNATIONAL STANDARD BOOK NUMBER | |
| International Standard Book Number | 9781412980401 (pbk.) |
| 040 ## - CATALOGING SOURCE | |
| Original cataloging agency | DLC |
| Transcribing agency | ZUC |
| Modifying agency | DLC |
| Description conventions | rda |
| 050 00 - LIBRARY OF CONGRESS CALL NUMBER | |
| Classification number | JA76 |
| Item number | GLA |
| 100 1# - MAIN ENTRY--PERSONAL NAME | |
| Personal name | Glasberg, Davita Silfen. |
| 245 10 - TITLE STATEMENT | |
| Title | Political sociology : |
| Remainder of title | oppression, resistance, and the state / |
| Statement of responsibility, etc. | Davita Glasberg, Deric Shannon. |
| 264 ## - PRODUCTION, PUBLICATION, DISTRIBUTION, MANUFACTURE, AND COPYRIGHT NOTICE | |
| Place of production, publication, distribution, manufacture | Thousand Oaks : |
| Name of producer, publisher, distributor, manufacturer | Pine Forge Press, |
| Date of production, publication, distribution, manufacture, or copyright notice | ©2011. |
| 300 ## - PHYSICAL DESCRIPTION | |
| Extent | xiv, 231 pages. : |
| Other physical details | illustrations. ; |
| Dimensions | 23 cm. |
| 650 #0 - SUBJECT ADDED ENTRY--TOPICAL TERM | |
| Topical term or geographic name entry element | Political sociology. |
| 650 #0 - SUBJECT ADDED ENTRY--TOPICAL TERM | |
| Topical term or geographic name entry element | Oppression (Psychology). |
| 650 #0 - SUBJECT ADDED ENTRY--TOPICAL TERM | |
| Topical term or geographic name entry element | Social movements. |
| 942 ## - ADDED ENTRY ELEMENTS (KOHA) | |
| Koha item type | OS Book |
| 336 ## - CONTENT TYPE | |
| Content type term | text |
| Content type code | txt |
| 337 ## - MEDIA TYPE | |
| Media type term | unmediated |
| Media type code | nc |
| 338 ## - CARRIER TYPE | |
| Source | rdacarrier |
| Withdrawn status | Lost status | Source of classification or shelving scheme | Damaged status | Not for loan | Collection code | Home library | Current library | Shelving location | Date acquired | Source of acquisition | Cost, normal purchase price | Inventory number | Total Checkouts | Full call number | Barcode | Date last seen | Copy number | Price effective from | Koha item type |
|---|---|---|---|---|---|---|---|---|---|---|---|---|---|---|---|---|---|---|---|
| Non-fiction | CUZ Harare Campus | CUZ Harare Campus | Open Shelf | 24.09.2020 | Book Aid International | 0.00 | CU14259 | JA76 GLA | BK008555 | 22.05.2025 | 1 | 24.09.2020 | OS Book | ||||||
| Non-fiction | CUZ Harare Campus | CUZ Harare Campus | Open Shelf | 24.09.2020 | Book Aid International | 0.00 | CU14241 | HE305 ADV | BK008587 | 22.05.2025 | 24.09.2020 | OS Book |